Visualizzazione normale
Vista MARC
- Cavani Liliana
di Personal Name
Records bibliografici associati: 1
001 - CONTROL NUMBER
- control field: 46279
003 - CONTROL NUMBER IDENTIFIER
- control field: IT-RoPau
005 - DATE AND TIME OF LATEST TRANSACTION
- control field: 20151130144553.0
008 - FIXED-LENGTH DATA ELEMENTS
- fixed length control field: 151130|| aca||aabn | a|a d
040 ## - CATALOGING SOURCE
- Original cataloging agency: IT-RoPau
- Transcribing agency: IT-RoPau
100 ## - HEADING--PERSONAL NAME
- Personal name: Cavani Liliana
- Relator term: (regista)
- Miscellaneous information: Codice regista SPICS: 8251
670 ## - SOURCE DATA FOUND
- Source citation: Work cat.: (IT-RoPau)106327: Cavani Liliana Codice regista SPICS: 8251 46275, PORTIERE DI NOTTE (IL) PORTIERE DI NOTTE (IL) (Rif. Codice opera principale : H8225)